| 000 | 00559nam a2200181 4500 | ||
|---|---|---|---|
| 001 | 136429 | ||
| 003 | ES-MaACL | ||
| 005 | 20240314063028.0 | ||
| 007 | t| | ||
| 008 | 070214s1971 sp r ||||1| spa d | ||
| 100 | 1 |
_aSade, _cmarquis de, _d1740-1814 _9101276 |
|
| 245 | 1 | 4 |
_aLos crímenes del amor / _cMarquis de Sade ; versión castellana de J. F. Vidal Jové. |
| 260 |
_aMadrid : _bAl- borak, _c1971. |
||
| 300 |
_a2 v. ; _c22 cm. |
||
| 700 | 1 |
_aVidal Jové, J. F. _9114497 |
|
| 852 |
_aES-MaACL _jC-44255-6 _bR.80194 |
||
| 999 |
_c136429 _d136429 |
||